00485nam a2200133 i 450000100060000000300090000600700030001500800410001810000330005924501240009226000760021630000280029285200310032030475ES-MaACLt|030124s1962 sp ||||1| spa d1 aBayerri y Bertomeu, Enrique.14aLos códices medievales de la Catedral de Tortosa b: novísmo inventario descriptivo / cEnrique Bayerry y Bertomeu. aBarcelona : b[s.n., c1962] (eTortosa : fGráf. Algueró y Baiges) a699 p., lam. ; c26 cm. aES-MaACLjG-3880 bR.50793